<?xml version="1.0" encoding="UTF-8"?>
<record
    xmlns:xsi="http://www.w3.org/2001/XMLSchema-instance"
    xsi:schemaLocation="http://www.loc.gov/MARC21/slim http://www.loc.gov/standards/marcxml/schema/MARC21slim.xsd"
    xmlns="http://www.loc.gov/MARC21/slim">

  <leader>00811nam a2200181Ia 4500</leader>
  <controlfield tag="008">100920s9999    xx            000 0 und d</controlfield>
  <datafield tag="082" ind1=" " ind2=" ">
    <subfield code="b">90011</subfield>
    <subfield code="a">891.461 &#x925; 80</subfield>
  </datafield>
  <datafield tag="100" ind1=" " ind2=" ">
    <subfield code="a">&#x938;&#x902;&#x92A;&#x93E;&#x926;&#x915;-&#x91C;&#x94B;&#x936;&#x940; &#x92C;&#x902;&#x921;&#x942; &#x917;&#x923;&#x92A;&#x924;.</subfield>
  </datafield>
  <datafield tag="245" ind1=" " ind2=" ">
    <subfield code="a">&#x936;&#x924;&#x924;&#x93E;&#x930;&#x915;&#x93E; ( &#x92A;&#x94D;&#x930;&#x93E;&#x924;&#x93F;&#x928;&#x93F;&#x927;&#x93F;&#x915; &#x915;&#x93E;&#x935;&#x94D;&#x92F;&#x938;&#x902;&#x917;&#x94D;&#x930;&#x939;).</subfield>
  </datafield>
  <datafield tag="260" ind1=" " ind2=" ">
    <subfield code="b">&#x930;&#x93E;&#x927;&#x93E;&#x915;&#x943;&#x937;&#x94D;&#x923; &#x930;&#x93E;&#x92E;&#x91A;&#x902;&#x926;&#x94D;&#x930; &#x92A;&#x94D;&#x930;&#x915;&#x93E;&#x936;&#x928;,&#x909;&#x938;&#x94D;&#x92E;&#x93E;&#x928;&#x93E;&#x92C;&#x93E;&#x926;.</subfield>
    <subfield code="c">1980</subfield>
  </datafield>
  <datafield tag="300" ind1=" " ind2=" ">
    <subfield code="a">92</subfield>
    <subfield code="b">&#x938;&#x93E;&#x927;&#x940;</subfield>
  </datafield>
  <datafield tag="365" ind1=" " ind2=" ">
    <subfield code="b">12.5</subfield>
  </datafield>
  <datafield tag="520" ind1=" " ind2=" ">
    <subfield code="a">&#x92A;&#x926;&#x92F;.</subfield>
  </datafield>
  <datafield tag="630" ind1=" " ind2=" ">
    <subfield code="a">&#x936;&#x924;&#x924;&#x93E;&#x930;&#x915;&#x93E; ( &#x92A;&#x94D;&#x930;&#x93E;&#x924;&#x93F;&#x928;&#x93F;&#x927;&#x93F;&#x915; &#x915;&#x93E;&#x935;&#x94D;&#x92F;&#x938;&#x902;&#x917;&#x94D;&#x930;&#x939;).</subfield>
  </datafield>
  <datafield tag="650" ind1=" " ind2=" ">
    <subfield code="a">&#x92A;&#x926;&#x92F;.</subfield>
  </datafield>
  <datafield tag="730" ind1=" " ind2=" ">
    <subfield code="a">&#x936;&#x924;&#x924;&#x93E;&#x930;&#x915;&#x93E; ( &#x92A;&#x94D;&#x930;&#x93E;&#x924;&#x93F;&#x928;&#x93F;&#x927;&#x93F;&#x915; &#x915;&#x93E;&#x935;&#x94D;&#x92F;&#x938;&#x902;&#x917;&#x94D;&#x930;&#x939;).</subfield>
  </datafield>
  <datafield tag="942" ind1=" " ind2=" ">
    <subfield code="c">BOOK</subfield>
  </datafield>
  <datafield tag="999" ind1=" " ind2=" ">
    <subfield code="c">730502</subfield>
    <subfield code="d">730499</subfield>
  </datafield>
  <datafield tag="952" ind1=" " ind2=" ">
    <subfield code="0">0</subfield>
    <subfield code="1">0</subfield>
    <subfield code="4">0</subfield>
    <subfield code="7">0</subfield>
    <subfield code="a">SATVAC</subfield>
    <subfield code="b">SATVAC</subfield>
    <subfield code="c">891.461 &#x925; 80</subfield>
    <subfield code="d">0000-00-00</subfield>
    <subfield code="g">12.50</subfield>
    <subfield code="l">0</subfield>
    <subfield code="p">SATVAC-90011</subfield>
    <subfield code="r">2010-09-20 00:00:00</subfield>
    <subfield code="w">2010-09-20</subfield>
    <subfield code="y">BOOK</subfield>
    <subfield code="z">&#x926;&#x947;&#x935;&#x918;&#x947;&#x935;</subfield>
  </datafield>
</record>
